Score 0/40 Timer 04:00
3 Plays Today
Hint 4-Letter Word % Correct
Rubik's ___CUBE
99.5%
Rid someone of a diseaseCURE
96.9%
* Island nation south of Miami ** CUBA *
96.3%
Brought into existenceBORN
91.4%
* Hip '80s TV show, 'Miami ___' ** VICE *
89.7%
A tiny opening in the skinPORE
89.3%
5,280 feetMILE
89%
To make a hole with a toolBORE
89%
Facebook approval optionLIKE
88%
Possessing XY chromosomes MALE
86.9%
A dog's callBARK
86.4%
* Meat found in many sandwiches from [First Rung] ** PORK *
86.3%
An impostor FAKE
85.8%
Grain grown in a paddyRICE
85.7%
* USA TV show based in Miami: '___ Notice' ** BURN *
85.7%
Give notice of impending troubleWARN
85.6%
Daily grind: the rat ___RACE
85.3%
Disgusting or lecherous VILE
84.6%
* The Miami river connects via canal to ___ Okeechobee ** LAKE *
84.5%
Slang term for someone who is uncoolDORK
83.8%
Hint 4-Letter Word % Correct
Type of milkshake or beerMALT
83.4%
* Longtime Miami Heat superstar Dwyane ___ ** WADE *
83.2%
One 'side' of a dieFACE
83%
Simpson whose catchphrase is 'Don't have a cow, man'BART
82.6%
Repair socksDARN
82.6%
* Former Florida Panthers star Pavel ___ ** BURE *
82.2%
Having a large girthWIDE
81.8%
Nyctophobia is a fear of thisDARK
81.2%
A shopkeeper's itemWARE
80.8%
A segment or constituent aspect of somethingPART
75.4%
A bodega or store at a gas stationMART
74.8%
2002-2008 HBO crime show based in Baltimore: 'The ___'WIRE
73.6%
* Area in downtown Miami: Bayfront ___ ** PARK *
72.7%
* 3B for 2003 Marlins World Series winners Lowell *MIKE
72.3%
* Dan Marino's favorite targets, Duper or Clayton, e.g. ** MARK *
70.2%
An elegant danceBALL
68.1%
A swampland MIRE
67.2%
To stop shortBALK
66.8%
* Former home of the Miami Hurricanes: The Orange ___ ** BOWL *
66.7%
A pod of the cotton plantBOLL
64.2%

Today's Daily Dose

You're not logged in!

Compare scores with friends on all Sporcle quizzes.
OR
Log In

Sporcle TV

Today on Sporcle TV


Watch our educational content, quiz creation guides, and fun videos on Sporcle TV.

Show Comments

Extras

Top Quizzes Today


Score Distribution

Your Account Isn't Verified!

In order to create a playlist on Sporcle, you need to verify the email address you used during registration. Go to your Sporcle Settings to finish the process.

Report this User

Report this user for behavior that violates our Community Guidelines.

Details: